From Business Intelligence to Data Science Perspective

Salvato in:
Dettagli Bibliografici
Autore principale: Mihalovič, Matúš
Natura: Capitolo di libro
Lingua:inglese
Soggetti:
Tags: Aggiungi Tag
Nessun Tag, puoi essere il primo ad aggiungerne!!

MARC

LEADER 00000naa$a2200000$$$4500
001 0243690
005 20240502073939.7
041 0 |a eng 
044 |a SK 
245 1 0 |a From Business Intelligence to Data Science Perspective  |c Matúš Mihalovič 
500 |a Abstrakt 
610 2 0 |a business intelligence 
610 2 0 |a dáta 
610 2 0 |a veda 
610 2 0 |a technológie nové 
610 2 0 |a technológie komunikačné 
610 2 0 |a technológie informačné 
100 1 |a Mihalovič, Matúš